00752nam a2200193 a 450000100100000000500170001000800410002704000250006808200150009310000320010824501460014026000360028630000200032250400360034270000410037804900090041995201130042899900170054100001769820200929165211.0100330s1977 dr 000 0 spa d aDO-SdBNPbspacBNPHU axxxbN899s1 aAlmodóvar, Luis R.93854110aNotas sobre las algas marinas bentónicas macroscópicas de la República Dominicana /cLuis R. Almodóvar, Idelisa Bonnelly de Calventi. aSanto Domingo :bTaller,c1977. a22 p. ;c23 cm. aIncluye bibliografías [p. 22]1 aBonnelly de Calventi, Idelisa936618 aBNPD 0010718PDaPDbPDcCTd2010-03-30iLF1l0oxxx N899sp17698-10r2020-06-25w2020-06-25yLFPDZNo se presta c17223d17223